Royaume-Uni au Concours Eurovision de la Chanson - Statistiques

Statistiques générales
  • Ce quiz a été pris 43 fois
    11 depuis la dernière actualisation
  • Le résultat moyen est 13 sur 16
Statistiques - réponses
Questions Réponses % Correct
Combien de fois s'est-il retiré du concours ? 1
100%
Combien de fois a-t-il gagné l'Eurovision ? 5
100%
Le Royaume-Uni détient le record de secondes places. Combien de fois a-t-il fini à cette place ? 16
89%
Depuis quelle année le Royaume-Uni participe-t-il au concours ? 1957
89%
Pour la dernière fois en quelle année ? 1997
89%
Combien de fois le Royaume-Uni a-t-il terminé à la dernière place ? 5
89%
Combien de fois le pays a accueilli le concours ? 9
89%
De quel groupe de pays le Royaume-Uni fait-il partie au concours ? Big 5
89%
Quelle chanteuse, ayant notamment interprété "Total eclipse of the heart", a représenté son pays en 2013 ? Bonnie Tyler
89%
Qui a représenté le Royaume-Uni au concours en 2024 ? Olly Alexander
89%
Depuis 2010, quel interprète a obtenu la plus haute place ? Sam Ryder
89%
Le Royaume-Uni est un des pays à avoir le plus mauvais score moyen en finale. Depuis 2010, en moyenne, à quelle place est-il arrivé ? 20
78%
A quel pays le Royaume-Uni a-t-elle donné le plus de points en finale depuis 1975 ? Irlande
78%
Avec quelle chanson et/ou interprète ? Love shine a light / Katrina and the Waves
67%
Qui a été le premier vainqueur britannique de l'Eurovision en 1967 ? Sandy Shaw
56%
En 1966, Kenneth McKellar est le premier candidat masculin à porter ce type de vêtement. Lequel ? Un kilt
33%
Aucun quiz correspondant
Distribution des résultats
% des personnes avec chaque résultat
Percentile par nombre de réponses
Votre historique - résultats
Vous n’avez pas pris ce quiz depuis la dernière actualisation